|
|
|
|
| LEADER |
00000nam a22000007a 4500 |
| 005 |
20200421000147.0 |
| 007 |
cr|||| |||| |
| 008 |
200421s2019 co |||||s|||| 00||0 spa d |
| 020 |
|
|
|a 978-958-760-158-9
|
| 035 |
|
|
|a 31324
|
| 040 |
|
|
|a vLex
|
| 090 |
|
|
|c 10303
|d 10303
|
| 100 |
1 |
|
|a Montenegro-Velandia, Wilson
|
| 245 |
1 |
0 |
|a Competitividad turs̕tica como motor de desarrollo regional
|h [Recurso electrn̤ico] :
|b Un estudio del cls︢ter de turismo en el Suroeste antioqueǫ /
|c Wilson Montenegro-Velandia
|
| 256 |
|
|
|a Servicio en ln̕ea
|
| 260 |
|
|
|a Bogot:̀
|b Ediciones Universidad Cooperativa de Colombia,
|c 2019
|
| 300 |
|
|
|a 1 recurso electrn̤ico
|
| 500 |
|
|
|a El crecimiento turs̕tico es una tendencia en el siglo XXI, y ms̀ para Colombia, que en los l︢timos aǫs ha vivido un proceso de transformacin̤ social y polt̕ica, el cual ha fortalecido los indicadores de seguridad, por lo que el pas̕ se ha convertido en un destino turs̕tico internacional muy apetecido. Con base en lo anterior, este libro presenta un modelo de desarrollo competitivo para el sector turismo en las fases de investigacin̤ e implementacin̤. Para ello, se basa en la exposicin̤ del caso del Suroeste antioqueǫ y parte de la pregunta por las estrategias pertinentes para conseguir la competitividad del cls︢ter turismo en dicha subregin̤ como motor de desarrollo. A partir de all,̕ se presentan conclusiones y recomendaciones que buscan aportar en la eleccin̤ de las estrategias que deben aplicarse al momento de estandarizar los servicios en unidades productivas que quieran actuar como una red de empresas. Tambiň, se evidencian algunas formas de organizacin̤ para hacer ms̀ eficiente la gestin̤ de un producto turs̕tico, los recursos y la competitividad de la subregin̤; as ̕como sobre los aspectos que deben continuar fortaleciňdose para la construccin̤ de un producto en este campo. El Suroeste antioqueǫ tiene grandes potencialidades por su riqueza natural y cultural. Pero es fundamental articular de manera clara los diferentes servicios para crear una experiencia que impacte en los turistas y haga del territorio un espacio realmente competitivo.
|
| 506 |
1 |
|
|a Disponible solo en los productos indicados
|d vLex Global
|d vLex Global (Academic Edition, excluding Law Schools)
|d vLex Global (U.S. Academic Edition, Law Schools)
|d vLex Global (U.S. Academic Edition, excluding Law Schools)
|d vLex Global (Academic Edition, Law Schools)
|
| 650 |
0 |
4 |
|a Turismo
|z Colombia
|
| 740 |
0 |
|
|a vLex Libros (Servicio en ln̕ea)
|
| 856 |
4 |
0 |
|u http://vlex.com/source/competitividad-turistica-como-motor-de-desarrollo-regional-un-estudio-del-cluster-de-turismo-en-el-suroeste-antioque-o-31324
|z Acceso restringido
|
| 942 |
|
|
|c BOOK
|
| 999 |
0 |
|
|a tourism
|